000 00462ntaaa2200181 4500
003 01
005 20251027202712.0
008 0714s1973 ag 01
040 _aAR-BaBN
_bspa
_cAR-BaBN
_eaacr
_dRIC
082 _a523.8000 C16
100 _aCanclini, Santiago
_91475
245 _aEstrellas
250 _a1 ed.
260 _aBuenos Aires :
_bJunta de Publicaciones de la Convención Bautista,
_cc1936
300 _a30 p
650 _aciencia
_94975
942 _cBK
999 _c22224
_d22224